[Event "ESP-ch U18"]
[Site "Salobrena"]
[Date "2023.08.01"]
[Round "3"]
[White "Moll Gener, Joan"]
[Black "Diaz Reyes, Killian"]
[Result "1-0"]
[WhiteElo "1883"]
[BlackElo "2177"]
[PlyCount "71"]
[EventDate "2023.07.31"]
[EventType "swiss"]
[EventRounds "9"]
[EventCountry "ESP"]
[SourceTitle "CBM 215 Extra"]
[Source "ChessBase"]
[SourceDate "2023.09.30"]
[SourceVersion "1"]
[SourceVersionDate "2023.09.30"]
[SourceQuality "1"]

1. e4 c5 2. Nf3 d6 3. d4 cxd4 4. Qxd4 Nc6 5. Bb5 Bd7 6. Bxc6 Bxc6 7. Nc3 e5 8. Qd3 h6 9. Be3 Nf6 10. 0-0-0 a6 11. h3 b5 12. a3 a5 13. Nxb5 Nxe4 14. Qc4 Qc8 15. Bb6 Bxb5 16. Qxb5+ Ke7 17. Nxe5 dxe5 18. Bd8+ Ke6 19. Qd5+ Kf5 20. g4+ Kg6 21. Qxe4+ f5 22. gxf5+ Kh7 23. f6+ g6 24. Rhg1 Rg8 25. f7 Rg7 26. Bf6 Ra6 27. Bxg7 Bxg7 28. Rd3 Rf6 29. h4 h5 30. Kb1 Qe6 31. Rg5 Rxf2 32. Rxh5+ Bh6 33. Rxh6+ Kg7 34. Rf3 Rxf3 35. Qxf3 Qxf7 36. Rh7+ 1-0

[Event "San Cristobal de La Laguna op 4th"]
[Site "San Cristobal de La Laguna"]
[Date "2022.09.03"]
[Round "9"]
[White "Diaz Reyes, Killian"]
[Black "Castellanos Rodriguez, Renier"]
[Result "1/2-1/2"]
[WhiteElo "2012"]
[BlackElo "2474"]
[PlyCount "186"]
[EventDate "2022.08.27"]
[EventType "swiss"]
[EventRounds "9"]
[EventCountry "ESP"]
[SourceTitle "CBM 210 Extra"]
[Source "ChessBase"]
[SourceDate "2022.11.30"]
[SourceVersion "1"]
[SourceVersionDate "2022.11.30"]
[SourceQuality "1"]

1. e4 c5 2. Nf3 e6 3. d4 cxd4 4. Nxd4 a6 5. Nc3 Qc7 6. Be2 Nf6 7. 0-0 Bc5 8. Bg5 Nc6 9. Nb3 Be7 10. Be3 b5 11. a3 d6 12. f4 Bb7 13. Bf3 0-0 14. Kh1 Nd7 15. Qe1 Nb6 16. Nd4 Bf6 17. Ncxb5 axb5 18. Nxb5 Qd8 19. Nxd6 Ba6 20. e5 Nxe5 21. fxe5 Bxe5 22. Bxb6 Qxd6 23. Rd1 Qb8 24. Bxa8 Bxf1 25. Qb4 Qxa8 26. Rxf1 Rb8 27. c4 Bd4 28. c5 Qa6 29. Rd1 e5 30. h3 h5 31. Qd2 Qa4 32. Qd3 Bxb2 33. Qd7 Qb3 34. c6 Bd4 35. Rxd4 exd4 36. c7 Qb1+ 37. Kh2 Qxb6 38. c8Q+ Rxc8 39. Qxc8+ Kh7 40. Qf5+ Kg8 41. Qc8+ Kh7 42. Qf5+ Kh6 43. h4 Qd6+ 44. Kg1 Qxa3 45. Qf4+ Kh7 46. Qxd4 Qg3 47. Qe4+ Qg6 48. Qe3 f6 49. g3 Qf5 50. Kg2 Qc2+ 51. Kg1 Qd1+ 52. Kg2 Qd5+ 53. Kg1 Qe5 54. Qd3+ f5 55. Qf3 Qe1+ 56. Kh2 Qd2+ 57. Kg1 Qd4+ 58. Kh2 Kg6 59. Qc6+ Kh7 60. Qf3 Qb2+ 61. Kg1 Qc1+ 62. Kf2 Kg6 63. Qf4 Qc5+ 64. Kf3 Kf7 65. Qg5 Qd5+ 66. Kf2 Qd4+ 67. Kg2 Qe4+ 68. Kf2 Qc2+ 69. Kf3 Qd1+ 70. Kf2 g6 71. Qh6 Qd4+ 72. Kf3 Qd5+ 73. Kf2 Qc5+ 74. Kf3 Qc6+ 75. Kf2 Qb6+ 76. Kf3 Qf6 77. Qf4 Qc3+ 78. Kf2 Ke6 79. Qg5 Qd4+ 80. Kf1 Qg4 81. Qe3+ Kd5 82. Qd3+ Qd4 83. Qb5+ Ke4 84. Qc6+ Ke3 85. Qxg6 Qd1+ 86. Kg2 Qe2+ 87. Kg1 Qd1+ 88. Kg2 Qf3+ 89. Kg1 Qd1+ 90. Kg2 Qc2+ 91. Kh3 Kf2 92. Qb6+ Kf1 93. Qb5+ Kg1 1/2-1/2

[Event "San Cristobal de La Laguna op 4th"]
[Site "San Cristobal de La Laguna"]
[Date "2022.08.30"]
[Round "5"]
[White "Diaz Reyes, Killian"]
[Black "Barlov, Dragan"]
[Result "0-1"]
[WhiteElo "2012"]
[BlackElo "2399"]
[PlyCount "62"]
[EventDate "2022.08.27"]
[EventType "swiss"]
[EventRounds "9"]
[EventCountry "ESP"]
[SourceTitle "CBM 210 Extra"]
[Source "ChessBase"]
[SourceDate "2022.11.30"]
[SourceVersion "1"]
[SourceVersionDate "2022.11.30"]
[SourceQuality "1"]

1. e4 d6 2. d4 Nf6 3. Nc3 c6 4. a4 Qa5 5. Bd2 e5 6. d5 Qc7 7. Bc4 a5 8. h3 Nbd7 9. Be3 Be7 10. Nge2 0-0 11. g4 Nb6 12. Bd3 cxd5 13. g5 Nxe4 14. Nxe4 dxe4 15. Bxe4 d5 16. Bxb6 Qxb6 17. Qxd5 Bxg5 18. Qxe5 Bf6 19. Qh5 g6 20. Qf3 Re8 21. Ng3 Bxb2 22. 0-0 Bxa1 23. Rxa1 Bxh3 24. Bxb7 Bg4 25. Qxg4 Qxb7 26. Qg5 Qe7 27. Qh6 Rac8 28. Nf5 Qf6 29. Ra3 Qxf5 30. Rh3 Re1+ 31. Kg2 Qg4+ 0-1

[Event "ESP-ch U16 Rapid"]
[Site "Salobrena"]
[Date "2022.07.31"]
[Round "9"]
[White "Gomez Pastrana, Juan"]
[Black "Diaz Reyes, Killian"]
[Result "0-1"]
[WhiteElo "1756"]
[BlackElo "1573"]
[PlyCount "96"]
[EventDate "2022.07.30"]
[EventType "swiss (rapid)"]
[EventRounds "9"]
[EventCountry "ESP"]
[SourceTitle "EXT 2023"]
[Source "ChessBase"]
[SourceDate "2022.10.05"]
[SourceVersion "1"]
[SourceVersionDate "2022.10.05"]
[SourceQuality "1"]

1. e4 c5 2. Nc3 g6 3. g3 Bg7 4. Bg2 d6 5. d3 Nc6 6. Be3 e6 7. Qd2 Nge7 8. Bh6 0-0 9. h4 Kh8 10. h5 Bxh6 11. Qxh6 Ng8 12. Qd2 g5 13. f4 h6 14. fxg5 Qxg5 15. Qxg5 hxg5 16. Kd2 g4 17. Nge2 Nh6 18. Raf1 Kg7 19. Nf4 Bd7 20. Nb5 Nd4 21. Nxd6 Bc6 22. Nc4 Rae8 23. c3 Nb5 24. Ne5 Nd6 25. Nxc6 bxc6 26. Kc2 e5 27. Ne2 f5 28. exf5 Ndxf5 29. Kd2 c4 30. Bxc6 Rd8 31. d4 exd4 32. Nxd4 Nxd4 33. cxd4 Rxd4+ 34. Kc2 Nf5 35. Re1 Nxg3 36. Rhg1 Rd3 37. Rg2 Kh6 38. Bb5 Rdf3 39. Bxc4 Rf2+ 40. Rxf2 Rxf2+ 41. Kc3 Nxh5 42. Be2 g3 43. Kd3 Nf4+ 44. Kd2 g2 45. Ke3 Rxe2+ 46. Rxe2 Nxe2 47. Kf2 g1Q+ 48. Kxe2 Qb1 0-1

[Event "ESP-ch U16"]
[Site "Salobrena"]
[Date "2022.07.28"]
[Round "6"]
[White "Bernado Lopez, Roger"]
[Black "Diaz Reyes, Killian"]
[Result "1/2-1/2"]
[WhiteElo "2315"]
[BlackElo "2012"]
[PlyCount "104"]
[EventDate "2022.07.25"]
[EventType "swiss"]
[EventRounds "9"]
[EventCountry "ESP"]
[SourceTitle "EXT 2023"]
[Source "ChessBase"]
[SourceDate "2022.10.05"]
[SourceVersion "1"]
[SourceVersionDate "2022.10.05"]
[SourceQuality "1"]

1. e4 c5 2. Nf3 d6 3. d4 cxd4 4. Nxd4 Nf6 5. Nc3 g6 6. Be3 Bg7 7. f3 0-0 8. Qd2 Nc6 9. Bc4 Nxd4 10. Bxd4 Be6 11. Bb3 Qa5 12. 0-0-0 b5 13. Kb1 b4 14. Ne2 Qb5 15. Qd3 Qxd3 16. cxd3 Bxb3 17. axb3 Nd7 18. Bxg7 Kxg7 19. d4 Rfc8 20. Rc1 Nb6 21. h4 Rxc1+ 22. Rxc1 Rc8 23. Rxc8 Nxc8 24. d5 Kf6 25. Kc2 e6 26. dxe6 fxe6 27. Kd3 Nb6 28. Nd4 Ke5 29. g3 d5 30. Nc6+ Kd6 31. Nxb4 dxe4+ 32. Kxe4 Nd7 33. Kd4 Ne5 34. f4 Ng4 35. Nc2 e5+ 36. fxe5+ Nxe5 37. Ne3 Nf3+ 38. Ke4 Nd2+ 39. Kf4 Nxb3 40. Kg5 Ke5 41. Ng4+ Ke4 42. Nf6+ Kf3 43. g4 Nc5 44. Nxh7 Ne6+ 45. Kf6 Nf4 46. g5 Kg4 47. Nf8 Kh5 48. b3 a5 49. Ke5 Ng2 50. Nh7 Nxh4 51. Kf6 Nf3 52. Nf8 Nxg5 1/2-1/2

[Event "Tenerife-chT Preferente"]
[Site "Tenerife"]
[Date "2022.04.23"]
[Round "9.3"]
[White "Diaz Reyes, Killian"]
[Black "Mora Hernandez, Enrique"]
[Result "1-0"]
[WhiteElo "1933"]
[BlackElo "1365"]
[PlyCount "44"]
[EventDate "2022.01.29"]
[EventType "team-tourn"]
[EventRounds "14"]
[EventCountry "ESP"]
[SourceTitle "EXT 2024"]
[Source "ChessBase"]
[SourceDate "2023.10.10"]
[SourceVersion "1"]
[SourceVersionDate "2023.10.10"]
[SourceQuality "1"]
[WhiteTeam "Fundacion La Caja de Canarias"]
[BlackTeam "Piratas La Orotava"]
[WhiteTeamCountry "ESP"]
[BlackTeamCountry "ESP"]

1. e4 c6 2. d4 d5 3. exd5 cxd5 4. c4 Nf6 5. Nc3 e6 6. c5 Be7 7. Nf3 b6 8. b4 a5 9. Na4 bxc5 10. bxc5 Ba6 11. Nb6 Ra7 12. Qa4+ Nfd7 13. Ne5 Bxf1 14. Nbxd7 Nxd7 15. Nc6 Qc7 16. Nxa7 Qxa7 17. Rxf1 0-0 18. f4 Rb8 19. Bd2 Bf6 20. Rc1 Bd8 21. Rf3 Nf6 22. Rb3 Ne4 1-0

[Event "Tenerife-chT Primera"]
[Site "Tenerife"]
[Date "2021.10.02"]
[Round "13.4"]
[White "Calvo Nobrega, Joaquin Manuel"]
[Black "Diaz Reyes, Killian"]
[Result "0-1"]
[WhiteElo "1613"]
[BlackElo "1808"]
[PlyCount "34"]
[EventDate "2021.02.27"]
[EventType "team-tourn"]
[EventRounds "14"]
[EventCountry "ESP"]
[SourceTitle "EXT 2023"]
[Source "ChessBase"]
[SourceDate "2022.10.05"]
[SourceVersion "1"]
[SourceVersionDate "2022.10.05"]
[SourceQuality "1"]
[WhiteTeam "Circulo de Amistad XII Enero"]
[BlackTeam "Fundacion La Caja de Canarias II"]
[WhiteTeamCountry "ESP"]
[BlackTeamCountry "ESP"]

1. d4 d5 2. Nf3 Nf6 3. c4 e6 4. g3 Be7 5. Bg2 0-0 6. 0-0 dxc4 7. Ne5 Nc6 8. Nxc6 bxc6 9. Bxc6 Rb8 10. Bg2 Bb7 11. f3 c5 12. Be3 Qb6 13. Qd2 Rfd8 14. Na3 cxd4 15. Bf2 c3 16. Qd3 cxb2 17. Rab1 Ba6 0-1

[Event "Tenerife-chT Primera"]
[Site "Tenerife"]
[Date "2021.09.25"]
[Round "12.3"]
[White "Lugo Lugo, Vladimiro"]
[Black "Diaz Reyes, Killian"]
[Result "0-1"]
[WhiteElo "1282"]
[BlackElo "1808"]
[PlyCount "36"]
[EventDate "2021.02.27"]
[EventType "team-tourn"]
[EventRounds "14"]
[EventCountry "ESP"]
[SourceTitle "EXT 2023"]
[Source "ChessBase"]
[SourceDate "2022.10.05"]
[SourceVersion "1"]
[SourceVersionDate "2022.10.05"]
[SourceQuality "1"]
[WhiteTeam "Playa San Juan"]
[BlackTeam "Fundacion La Caja de Canarias II"]
[WhiteTeamCountry "ESP"]
[BlackTeamCountry "ESP"]

1. e4 c5 2. c4 Nc6 3. Nf3 e5 4. Nc3 g6 5. d3 Bg7 6. h3 Nge7 7. Nd5 Nxd5 8. cxd5 Ne7 9. d6 Nc6 10. Be2 Qf6 11. Bg5 Qxd6 12. Qd2 0-0 13. g4 Qe6 14. Bh6 d5 15. Bxg7 Kxg7 16. exd5 Qxd5 17. Qc3 Nd4 18. 0-0-0 Nxe2+ 0-1

[Event "ESP-ch U16"]
[Site "Salobrena"]
[Date "2021.07.24"]
[Round "9"]
[White "Diaz Reyes, Killian"]
[Black "Bernado Lopez, Roger"]
[Result "0-1"]
[WhiteElo "1874"]
[BlackElo "2062"]
[PlyCount "70"]
[EventDate "2021.07.19"]
[EventType "swiss"]
[EventRounds "9"]
[EventCountry "ESP"]
[SourceTitle "EXT 2022"]
[Source "ChessBase"]
[SourceDate "2021.10.06"]
[SourceVersion "1"]
[SourceVersionDate "2021.10.06"]
[SourceQuality "1"]

1. e4 g6 2. d4 Bg7 3. Nc3 d6 4. Be3 a6 5. Qd2 b5 6. f4 Nd7 7. Nf3 Bb7 8. Bd3 c5 9. d5 Ngf6 10. a3 0-0 11. h3 e6 12. dxe6 fxe6 13. Ng5 Qe7 14. f5 exf5 15. exf5 Rfe8 16. Ne6 gxf5 17. Bxf5 Nf8 18. 0-0-0 Nxe6 19. Rhe1 Qf8 20. g4 b4 21. axb4 cxb4 22. Na4 Bf3 23. g5 Nd5 24. Qd3 Nxe3 25. Rxe3 Bxd1 26. Bxe6+ Rxe6 27. Rxe6 Bh5 28. Rxd6 Kh8 29. Rxa6 Rc8 30. Nb6 Bg6 31. Qe2 Qf4+ 32. Kb1 Rxc2 33. Ra8+ Rc8+ 34. Ka2 Qf7+ 35. b3 Rxa8+ 0-1

[Event "ESP-ch U16"]
[Site "Salobrena"]
[Date "2021.07.23"]
[Round "8"]
[White "Revaliente Montoya, Ciro"]
[Black "Diaz Reyes, Killian"]
[Result "0-1"]
[WhiteElo "2056"]
[BlackElo "1874"]
[PlyCount "110"]
[EventDate "2021.07.19"]
[EventType "swiss"]
[EventRounds "9"]
[EventCountry "ESP"]
[SourceTitle "EXT 2022"]
[Source "ChessBase"]
[SourceDate "2021.10.06"]
[SourceVersion "1"]
[SourceVersionDate "2021.10.06"]
[SourceQuality "1"]

1. e4 c5 2. Nf3 d6 3. d4 cxd4 4. Nxd4 Nf6 5. Nc3 g6 6. Be3 Bg7 7. f3 0-0 8. Bc4 Nc6 9. Bb3 Bd7 10. h4 h5 11. Qd2 Rc8 12. 0-0-0 Ne5 13. Bg5 Rc5 14. Kb1 b5 15. g4 hxg4 16. h5 Nxh5 17. Nd5 Rxd5 18. Bxd5 gxf3 19. Rdg1 Bg4 20. Nc6 Nxc6 21. Rxg4 Ne5 22. Rgg1 Nc4 23. Qh2 Qb6 24. Bf6 exf6 25. Rxg6 Qd4 26. Bxc4 Qe5 27. Qxh5 Qxh5 28. Rxh5 bxc4 29. Rg4 Re8 30. Rf5 Kf8 31. Rxf3 d5 32. c3 dxe4 33. Rfg3 Bh6 34. Rg8+ Ke7 35. Rxe8+ Kxe8 36. Kc2 f5 37. Kd1 f4 38. Rg8+ Bf8 39. Rg5 Bd6 40. Ke2 f3+ 41. Kf2 Ke7 42. b3 Ke6 43. Rb5 Be5 44. bxc4 Bxc3 45. Rd5 f5 46. a4 a5 47. Rd8 Bb4 48. Rd5 Be7 49. Rb5 Bh4+ 50. Ke3 Be1 51. Rb6+ Ke5 52. Rb5+ Kf6 53. Rd5 Ke6 54. Rd1 f4+ 55. Kxe4 f2 0-1

[Event "ESP-ch U16"]
[Site "Salobrena"]
[Date "2021.07.21"]
[Round "4"]
[White "Diaz Perez, Michel Alejandro"]
[Black "Diaz Reyes, Killian"]
[Result "1/2-1/2"]
[WhiteElo "2459"]
[BlackElo "1874"]
[PlyCount "50"]
[EventDate "2021.07.19"]
[EventType "swiss"]
[EventRounds "9"]
[EventCountry "ESP"]
[SourceTitle "EXT 2022"]
[Source "ChessBase"]
[SourceDate "2021.10.06"]
[SourceVersion "1"]
[SourceVersionDate "2021.10.06"]
[SourceQuality "1"]

1. c4 e6 2. Nf3 d5 3. e3 Nf6 4. Nc3 Be7 5. b3 0-0 6. Bb2 b6 7. cxd5 exd5 8. d4 Bb7 9. Bd3 Nbd7 10. 0-0 Ne4 11. Rc1 a6 12. Qe2 Bd6 13. Rfd1 f5 14. Ne5 Bxe5 15. dxe5 Nxe5 16. Bxe4 fxe4 17. Nxe4 Qe7 18. Nc3 d4 19. Rxd4 Rae8 20. Nd5 Qe6 21. Nf4 Qe7 22. Nd5 Qe6 23. Nf4 Qe7 24. Nd5 Qe6 25. Nf4 Qe7 1/2-1/2

[Event "ESP-ch U16"]
[Site "Salobrena"]
[Date "2021.07.19"]
[Round "2"]
[White "Perez Guerra, Raul"]
[Black "Diaz Reyes, Killian"]
[Result "1-0"]
[WhiteElo "2205"]
[BlackElo "1874"]
[PlyCount "55"]
[EventDate "2021.07.19"]
[EventType "swiss"]
[EventRounds "9"]
[EventCountry "ESP"]
[SourceTitle "EXT 2022"]
[Source "ChessBase"]
[SourceDate "2021.10.06"]
[SourceVersion "1"]
[SourceVersionDate "2021.10.06"]
[SourceQuality "1"]

1. e4 d5 2. exd5 Qxd5 3. Nc3 Qa5 4. d4 Nf6 5. a3 c6 6. b4 Qc7 7. Bd3 Bg4 8. Nge2 e6 9. f3 Bh5 10. Bf4 Bd6 11. Bxd6 Qxd6 12. 0-0 Bg6 13. Ne4 Qe7 14. Qe1 Nbd7 15. Qg3 0-0 16. Rfe1 a5 17. c3 Nxe4 18. Bxe4 Bxe4 19. fxe4 axb4 20. cxb4 b5 21. Rac1 Rfc8 22. Rf1 Nb6 23. Rc3 Nc4 24. Nf4 Qd6 25. Rd3 e5 26. Nh5 Qg6 27. Qh3 Rxa3 28. Qxc8# 1-0

[Event "Tenerife-chT Primera"]
[Site "Tenerife"]
[Date "2021.02.27"]
[Round "1.2"]
[White "Cabrera Gomez, Tomas"]
[Black "Diaz Reyes, Killian"]
[Result "0-1"]
[WhiteElo "1644"]
[BlackElo "1808"]
[PlyCount "39"]
[EventDate "2021.02.27"]
[EventType "team-tourn"]
[EventRounds "14"]
[EventCountry "ESP"]
[SourceTitle "EXT 2023"]
[Source "ChessBase"]
[SourceDate "2022.10.05"]
[SourceVersion "1"]
[SourceVersionDate "2022.10.05"]
[SourceQuality "1"]
[WhiteTeam "Ebano Barrio Nuevo II"]
[BlackTeam "Fundacion La Caja de Canarias II"]
[WhiteTeamCountry "ESP"]
[BlackTeamCountry "ESP"]

1. e4 c5 2. Nf3 d6 3. d4 cxd4 4. Nxd4 Nf6 5. Nc3 g6 6. Be3 Bg7 7. f3 0-0 8. Qd2 Nc6 9. 0-0-0 d5 10. exd5 Nxd5 11. Nxc6 bxc6 12. Nxd5 cxd5 13. Qxd5 Qc7 14. Qc5 Qb7 15. Bd4 Bf5 16. c3 Rfc8 17. Qb5 Bh6+ 18. Rd2 Qxb5 19. Bxb5 Rd8 20. Rhd1 0-1

[Event "ESP-ch U16"]
[Site "Salobrena"]
[Date "2020.08.15"]
[Round "9"]
[White "Tabuenca Mendataurigoitia, Daniel"]
[Black "Diaz Reyes, Killian"]
[Result "1-0"]
[WhiteElo "1865"]
[BlackElo "1772"]
[PlyCount "59"]
[EventDate "2020.08.10"]
[EventType "swiss"]
[EventRounds "9"]
[EventCountry "ESP"]
[SourceTitle "EXT 2021"]
[Source "ChessBase"]
[SourceDate "2020.10.23"]
[SourceVersion "1"]
[SourceVersionDate "2020.10.23"]
[SourceQuality "1"]

1. e4 c5 2. Nf3 d6 3. Bb5+ Nd7 4. Ba4 a6 5. c4 Qc7 6. 0-0 Ngf6 7. Nc3 e5 8. d3 Be7 9. Ne1 0-0 10. Bxd7 Qxd7 11. Nc2 b5 12. Ne3 Bb7 13. b3 bxc4 14. bxc4 Rab8 15. f4 exf4 16. Nf5 g5 17. h4 g4 18. Bxf4 Bd8 19. Bxd6 Bc7 20. Bxf8 Kxf8 21. Nd5 Bxd5 22. cxd5 Rb2 23. Qc1 Be5 24. d4 Qb5 25. dxe5 Nxe4 26. Qh6+ Ke8 27. Qc6+ Qxc6 28. dxc6 Nc3 29. Nd6+ Kd8 30. Rxf7 1-0

[Event "ESP-ch U16"]
[Site "Salobrena"]
[Date "2020.08.11"]
[Round "3"]
[White "Diaz Reyes, Killian"]
[Black "Follana Albelda, Lucia"]
[Result "1/2-1/2"]
[WhiteElo "1772"]
[BlackElo "1935"]
[PlyCount "58"]
[EventDate "2020.08.10"]
[EventType "swiss"]
[EventRounds "9"]
[EventCountry "ESP"]
[SourceTitle "EXT 2021"]
[Source "ChessBase"]
[SourceDate "2020.10.23"]
[SourceVersion "1"]
[SourceVersionDate "2020.10.23"]
[SourceQuality "1"]

1. e4 c5 2. Nf3 d6 3. d4 cxd4 4. Nxd4 Nf6 5. Nc3 a6 6. Bc4 e6 7. 0-0 Be7 8. Bb3 0-0 9. Be3 Nc6 10. f4 Bd7 11. f5 Nxd4 12. Bxd4 b5 13. Bxf6 Bxf6 14. Qxd6 exf5 15. exf5 Be8 16. Rad1 Qxd6 17. Rxd6 b4 18. Ne4 Bxb2 19. Rf3 Bb5 20. c4 bxc3 21. Nxc3 Rfd8 22. Nxb5 axb5 23. Rfd3 Rxd6 24. Rxd6 Rf8 25. Rd7 Bc3 26. Rd6 Bb2 27. Rd7 Bc3 28. Rd6 Bb2 29. Rd7 Bc3 1/2-1/2

[Event "Tenerife-chT Primera 1920"]
[Site "Tenerife "]
[Date "2019.12.14"]
[Round "2.3"]
[White "Diaz Diaz, Andres Zhao"]
[Black "Diaz Reyes, Killian"]
[Result "0-1"]
[WhiteElo "1244"]
[BlackElo "1734"]
[PlyCount "80"]
[EventDate "2019.11.30"]
[EventType "team-tourn"]
[EventRounds "14"]
[EventCountry "ESP"]
[SourceTitle "CBM 195 Extra"]
[Source "ChessBase"]
[SourceDate "2020.05.31"]
[SourceVersion "1"]
[SourceVersionDate "2020.05.31"]
[SourceQuality "1"]
[WhiteTeam "El Sauzal Libreria Barco II"]
[BlackTeam "Fundacion La Caja de Canarias II"]
[WhiteTeamCountry "ESP"]
[BlackTeamCountry "ESP"]

1. e4 c5 2. Nf3 d6 3. Bc4 Nf6 4. Nc3 Nc6 5. d4 cxd4 6. Nxd4 g6 7. Bg5 Bg7 8. Bb3 Nxe4 9. Nxc6 Bxc3+ 10. bxc3 bxc6 11. Qd4 Nf6 12. 0-0 0-0 13. Rfe1 c5 14. Qd3 Bf5 15. Qe3 Re8 16. Rad1 a5 17. a4 Rc8 18. Qe2 Ne4 19. Bd2 Qc7 20. f3 Nxd2 21. Rxd2 c4 22. Ba2 Qc5+ 23. Qe3 Qa3 24. g4 Bxg4 25. fxg4 Qxa2 26. Qf2 Qxa4 27. Rdd1 Qa3 28. Qd2 Qc5+ 29. Qd4 Qxd4+ 30. cxd4 Rb8 31. Ra1 Rb5 32. c3 Rg5 33. h3 h5 34. Kf1 hxg4 35. hxg4 e6 36. Kf2 Rxg4 37. Rxa5 Rb8 38. Kf3 Rh4 39. Kg3 Rh5 40. Rxh5 gxh5 0-1

[Event "Tenerife-chT Primera 1920"]
[Site "Tenerife "]
[Date "2019.11.30"]
[Round "1.3"]
[White "Diaz Reyes, Killian"]
[Black "Fuentes Zamora, Carlos"]
[Result "1-0"]
[WhiteElo "1734"]
[BlackElo "1464"]
[PlyCount "83"]
[EventDate "2019.11.30"]
[EventType "team-tourn"]
[EventRounds "14"]
[EventCountry "ESP"]
[SourceTitle "CBM 195 Extra"]
[Source "ChessBase"]
[SourceDate "2020.05.31"]
[SourceVersion "1"]
[SourceVersionDate "2020.05.31"]
[SourceQuality "1"]
[WhiteTeam "Fundacion La Caja de Canarias II"]
[BlackTeam "Al Shah Mat Los Realejos II"]
[WhiteTeamCountry "ESP"]
[BlackTeamCountry "ESP"]

1. e4 e5 2. Nf3 Nc6 3. Nc3 Nf6 4. Bb5 d6 5. d4 Bd7 6. 0-0 a6 7. Bc4 exd4 8. Nxd4 Ne5 9. Be2 Be7 10. h3 0-0 11. f4 Nc6 12. Nf3 Nh5 13. Kh2 g6 14. g4 Ng7 15. f5 Bf6 16. Nd5 Be5+ 17. Nxe5 Nxe5 18. f6 Ne6 19. Bh6 Re8 20. Ne7+ Kh8 21. Qd5 Rxe7 22. fxe7 Qxe7 23. Qxb7 Bc6 24. Qb4 a5 25. Qc3 Bxe4 26. Bc4 Kg8 27. Rae1 Qh4 28. Rxe4 Qxh6 29. Bxe6 fxe6 30. Qxc7 Qd2+ 31. Kg1 Qd5 32. Ref4 a4 33. Qe7 Qc5+ 34. R1f2 h6 35. Kh2 Qc8 36. Qxd6 Nc4 37. Rf8+ Qxf8 38. Rxf8+ Rxf8 39. Qxe6+ Kh7 40. Qxc4 Rf2+ 41. Kg3 Rxc2 42. Qxc2 1-0